Kavya Dipaniya and Sutasoma Jataka (Record no. 79101)
[ view plain ]
| 000 -LEADER | |
|---|---|
| fixed length control field | 00430nam a2200157Ia 4500 |
| 003 - CONTROL NUMBER IDENTIFIER | |
| control field | LK-CoDNM |
| 008 - FIXED-LENGTH DATA ELEMENTS--GENERAL INFORMATION | |
| fixed length control field | t1890 A.C. |
| 040 ## - CATALOGING SOURCE | |
| Original cataloging agency | LK-CoDNM |
| Modifying agency | LK-CoDNM |
| Description conventions | LK-CoDNM |
| 041 ## - LANGUAGE CODE | |
| Language code of text/sound track or separate title | Sin |
| 245 ## - TITLE STATEMENT | |
| Title | Kavya Dipaniya and Sutasoma Jataka |
| 260 ## - PUBLICATION, DISTRIBUTION, ETC. | |
| Date of publication, distribution, etc. | 1890 A.C. |
| 300 ## - PHYSICAL DESCRIPTION | |
| Extent | Palm leaf , Foll 85 , 18 in. x 1 3/4 in . |
| 500 ## - GENERAL NOTE | |
| General note | Copied at Colombo Museum |
| 500 ## - GENERAL NOTE | |
| General note | Sutasoma Jataka |
| 942 ## - ADDED ENTRY ELEMENTS (KOHA) | |
| Koha item type | |
No items available.


